000 004980000a22001570004500
090 _aAR
_b02143
245 1 0 _aGlobal climate change and natural-area protection: management responses and research directions
650 1 4 _aAreas protegidas
_978
650 1 4 _aEcología
_992250
650 1 4 _aManejo adaptativo
_912667
650 1 4 _aReservas naturales
_995566
041 0 _aInglés
100 1 _aHalpin, P. N.
_995632
942 _cARTICULO
773 1 _tEcological Applications
_3153
_h3
_q828-843
_d1997
_g7
999 _c11217
_d11217